| 000 | 01029cam a22002054a 4500 | ||
|---|---|---|---|
| 005 | 20250605163955.0 | ||
| 008 | 250528s ||||||||||||||||||||||||d | ||
| 035 | _a15453 | ||
| 020 | _a750633891 | ||
| 040 |
_aGR-AtMCL _bgre _dGR-AtMCL _eAACR2 |
||
| 245 | 1 | _aManaging Information / Second Edition | |
| 250 | _a2nd | ||
| 260 |
_bButterworth Heinemann, _c1997 |
||
| 300 | _a194 | ||
| 520 | _aThe book highlights the increasing value of information and IT within organizations and shows how organizations use it. It also deals with the crucial relationship between information and personal effectiveness. Preface, The Difference Information Can Make, How Organizations Handle Information, Information and Personal Effectiveness, Computers and Programs and Communications, Molding the System to Your Needs, Information Around the World and Into the Future, Glossary, Appendix: A Beginner's Guide to the Internet for Managers, Index. | ||
| 700 | 1 |
_aWilson David _91377 |
|
| 942 | _cBK | ||
| 999 |
_c1033 _d1033 |
||